Logic in computer science : modelling and reasoning about systems (Record no. 11935)
[ view plain ]
| 000 -LEADER | |
|---|---|
| fixed length control field | 00533nam a22001697a 4500 |
| 020 ## - INTERNATIONAL STANDARD BOOK NUMBER | |
| International Standard Book Number | 9780521670890 |
| 082 ## - DEWEY DECIMAL CLASSIFICATION NUMBER | |
| Classification number | 005.1015113 |
| 100 ## - MAIN ENTRY--PERSONAL NAME | |
| Personal name | Huth, Michael |
| 245 ## - TITLE STATEMENT | |
| Title | Logic in computer science : modelling and reasoning about systems |
| 250 ## - EDITION STATEMENT | |
| Edition statement | 2nd ed. |
| 260 ## - PUBLICATION, DISTRIBUTION, ETC. | |
| Place of publication, distribution, etc. | New York |
| Name of publisher, distributor, etc. | Cambridge University Press |
| Date of publication, distribution, etc. | 2004 |
| 300 ## - PHYSICAL DESCRIPTION | |
| Extent | xiv, 427 p. |
| Other physical details | ill. ; |
| Accompanying material | 25 cm. |
| 500 ## - GENERAL NOTE | |
| General note | Includes bibliographical references (p. 414-417) and index. |
| 650 ## - SUBJECT ADDED ENTRY--TOPICAL TERM | |
| Topical term or geographic name entry element | 1. Computer logic. 2. Logic programming. |
| 700 ## - ADDED ENTRY--PERSONAL NAME | |
| Personal name | Mark Ryan |
| 942 ## - ADDED ENTRY ELEMENTS (KOHA) | |
| Koha item type | Book |
| Withdrawn status | Lost status | Damaged status | Not for loan | Collection code | Permanent Location | Current Location | Shelving location | Date acquired | Source of acquisition | Cost, normal purchase price | Total Checkouts | Total Renewals | Full call number | Barcode | Date last seen | Date last checked out | Price effective from | Koha item type |
|---|---|---|---|---|---|---|---|---|---|---|---|---|---|---|---|---|---|---|
| Central Library (CL) | Central Library (CL) | First Floor - Software Engineering/ Programming Language | 06/01/2013 | Progressive International Agencies | 762.38 | 8 | 4 | 005.1015113 HUT | SEECS012395 | 09/02/2023 | 01/27/2020 | 06/17/2013 | Book |
